000 00830nam0a22002531 4500
001 rc\504257
005 20250621111711.0
035 _a(NLR Aleph) 005745029
090 _a4779581
_c4779581
100 _a20030616d1988 |||y0rusy50 ca
101 0 _arus
102 _aRU
105 _aa |||||||||
200 1 _aРазработка принципов переноса готовых программных продуктов
210 _aЛ.
_cБ. и.
_d1988
215 _a11 с.
_cил.
_d20
225 1 _aПрепринт
_fАН СССР, Ленингр. ин-т информатики и автоматизации
_v№ 55
320 _aБиблиогр.: с. 10-11
700 1 _aГаврилова
_bН.Н.
801 0 _aRU
_bNLR
_gpsbo
801 1 _aRU
_bELAR
_2rusmarc
852 _aNLR
_j89-4/18711
942 _cBOOK
980 _aNB